Memoria anual, 1976

Uloženo v:
Podrobná bibliografie
Korporativní autor: Costa Rica. Ministerio de Hacienda
Médium: Text
Vydáno: San José :
Tagy: Přidat tag
Žádné tagy, Buďte první, kdo vytvoří štítek k tomuto záznamu!

MARC

LEADER 00000 a a2200000 04500
001 14590
003
040
090 |a 018500  
110 |a Costa Rica. Ministerio de Hacienda  
245 |a Memoria anual, 1976  
260 |a San José :  
300 |a 100 p.  
999 |c 16734  |d 16734